Building in London: a treatise on the law and practice affecting the erection and maintenance of buildings in the Metropolis (Record no. 85988)
[ view plain ]
| 000 -LEADER | |
|---|---|
| fixed length control field | 00592cam a2200169 4500 |
| 001 - CONTROL NUMBER | |
| control field | D12536 |
| 008 - FIXED-LENGTH DATA ELEMENTS--GENERAL INFORMATION | |
| fixed length control field | 090401t1911 xxu||||| |||| 00| 0 eng d |
| 035 ## - SYSTEM CONTROL NUMBER | |
| System control number | (Sirsi) u4043 |
| 041 ## - LANGUAGE CODE | |
| Language code of text/sound track or separate title | eng |
| 100 ## - MAIN ENTRY--PERSONAL NAME | |
| Personal name | Cubitt, H. |
| 245 ## - TITLE STATEMENT | |
| Title | Building in London: a treatise on the law and practice affecting the erection and maintenance of buildings in the Metropolis |
| 260 ## - PUBLICATION, DISTRIBUTION, ETC. | |
| Place of publication, distribution, etc. | London |
| Name of publisher, distributor, etc. | Constable |
| Date of publication, distribution, etc. | 1911 |
| 350 ## - PRICE (NR) (BK AM CF MU VM SE) [OBSOLETE] | |
| Price | 0 |
| 520 ## - SUMMARY, ETC. | |
| Summary, etc. | Shelf 153. 2 copies. Chapter 7, Cost of building in and around London, by H.J.Leaning. Chapter 8, London Property, by S.A.Smith |
| 942 ## - ADDED ENTRY ELEMENTS (KOHA) | |
| Suppress in OPAC | 0 |
| 948 ## - LOCAL PROCESSING INFORMATION (OCLC); SERIES PART DESIGNATOR (RLIN) | |
| c (OCLC) | 04/03/1997 |
| Withdrawn status | Lost status | Source of classification or shelving scheme | Damaged status | Not for loan | Home library | Current library | Shelving location | Date acquired | Total Checkouts | Full call number | Barcode | Date last seen | Copy number | Price effective from | Koha item type |
|---|---|---|---|---|---|---|---|---|---|---|---|---|---|---|---|
| Other/Generic Classification Scheme | London | London | Basement | 12/08/1991 | SHELF 153 | 30011023 | 06/08/2019 | 2 | 06/08/2019 | Reference material |